00493nam a22001457a 4500082001800000100002900018245006100047260004800108300001500156526003700171650001300208942001200221999001900233952009500252 a363.7bBERcD aBernstein, Janis.938078 aThe urban challenge in national environmental strategies aWashington :bThe World Bank,cApril, 1995. av, 45 p. : a0b0c0d363_700000000000000_BER aMCE9379 2ddccBK c542753d542753 00102ddc4070aMCEbMCEd2014-02-17l0o363.7 BERpMCE-43232r2014-02-17w2021-03-14yBK